000 00551nam a2200193Ia 4500
003 LK-CoDNM
005 20240829092216.0
008 010623t1927 xxu||||| |||| 00| 1 sin d
040 _aLK-CoDNM
_dLK-CoDNM
_eLK-CoDNM
041 _asin
080 _a8A
_bJ1
100 _aAnuruddha Thero
245 _aනාමරූප පරිඡේදය
246 _aNamarupa Paricchedaya : Namarupa Vibhavini Vyakkhawa
260 _bSarasvati
_aColombo
_c1927
300 _biv, 413p. ; 25 cm
700 _aDevananda Thero, Ambalangoda ed.
942 _cBK
999 _c94068
_d94068